Countries of the World Map Quiz - Statistics

General Stats
  • This quiz has been taken 17 times
  • The average score is 117 of 196
Answers on the Map
Answers color-coded by a green-red scale on the quiz's map according to % correct below.
 
Answer Stats
Answer % Correct
Argentina
92%
Bolivia
92%
Afghanistan
85%
Australia
85%
Bhutan
85%
Egypt
85%
Algeria
77%
Austria
77%
Bangladesh
77%
Belarus
77%
Brazil
77%
Cambodia
77%
China
77%
Colombia
77%
Cuba
77%
France
77%
Germany
77%
Hungary
77%
Japan
77%
Kiribati
77%
Lesotho
77%
Mongolia
77%
Morocco
77%
Myanmar
77%
Norway
77%
Oman
77%
Panama
77%
Saudi Arabia
77%
Sudan
77%
Tunisia
77%
Ukraine
77%
United States
77%
Yemen
77%
Angola
69%
Bahamas
69%
Belize
69%
Benin
69%
Cameroon
69%
Chile
69%
Croatia
69%
Cyprus
69%
Dominican Republic
69%
El Salvador
69%
Finland
69%
Georgia
69%
Greece
69%
Iceland
69%
India
69%
Ireland
69%
Kazakhstan
69%
Latvia
69%
Lithuania
69%
Malawi
69%
Mali
69%
Malta
69%
Mexico
69%
Namibia
69%
Netherlands
69%
Palau
69%
Paraguay
69%
Philippines
69%
Portugal
69%
Russia
69%
Serbia
69%
Sierra Leone
69%
South Korea
69%
Sri Lanka
69%
Switzerland
69%
Syria
69%
Thailand
69%
Uganda
69%
United Kingdom
69%
Venezuela
69%
Armenia
62%
Azerbaijan
62%
Belgium
62%
Botswana
62%
Burundi
62%
Canada
62%
Cape Verde
62%
Central African
Republic
62%
Comoros
62%
Costa Rica
62%
Democratic Republic
of the Congo
62%
Denmark
62%
Bosnia and
Herzegovina
62%
East Timor
62%
Eswatini
62%
Ethiopia
62%
Fiji
62%
Ghana
62%
Guinea
62%
Guinea-Bissau
62%
Honduras
62%
Indonesia
62%
Iran
62%
Jamaica
62%
Jordan
62%
Kenya
62%
Kuwait
62%
Lebanon
62%
Malaysia
62%
Mauritania
62%
Montenegro
62%
Mozambique
62%
Nauru
62%
Nepal
62%
Nicaragua
62%
Nigeria
62%
Papua New Guinea
62%
Qatar
62%
Republic of the Congo
62%
Senegal
62%
Slovakia
62%
Somalia
62%
Tanzania
62%
Trinidad and Tobago
62%
United Arab Emirates
62%
Uzbekistan
62%
Zambia
62%
Zimbabwe
62%
Albania
54%
Andorra
54%
Brunei
54%
Bulgaria
54%
Chad
54%
Czech Republic
54%
Djibouti
54%
Equatorial Guinea
54%
Eritrea
54%
Estonia
54%
Guatemala
54%
Guyana
54%
Iraq
54%
Italy
54%
Ivory Coast
54%
Liberia
54%
Libya
54%
Luxembourg
54%
Madagascar
54%
Moldova
54%
New Zealand
54%
North Korea
54%
North Macedonia
54%
Peru
54%
Poland
54%
Rwanda
54%
Seychelles
54%
Slovenia
54%
South Africa
54%
South Sudan
54%
Spain
54%
Sweden
54%
Taiwan
54%
Turkey
54%
Uruguay
54%
Vietnam
54%
Bahrain
46%
Burkina Faso
46%
Ecuador
46%
Federated States
of Micronesia
46%
Gabon
46%
Haiti
46%
Israel
46%
Kosovo
46%
Kyrgyzstan
46%
Laos
46%
Maldives
46%
Niger
46%
Pakistan
46%
Romania
46%
Solomon Islands
46%
Suriname
46%
Togo
46%
Tonga
46%
Vanuatu
46%
Antigua and Barbuda
38%
Gambia
38%
Mauritius
38%
Samoa
38%
São Tomé and Príncipe
38%
Tajikistan
38%
Tuvalu
38%
Barbados
31%
Marshall Islands
31%
Saint Lucia
31%
Saint Vincent and the
Grenadines
31%
Singapore
31%
Turkmenistan
31%
Grenada
23%
Liechtenstein
23%
Dominica
15%
Saint Kitts and Nevis
15%
San Marino
15%
Vatican City
15%
Monaco
8%
No matching quizzes found
Score Distribution
Percent of People with Each Score
Percentile by Number Answered
Your Score History
You have not taken this quiz